书目信息 |
| 题名: |
从Docker到Kubernetes入门与实战
|
|
| 作者: | 罗利民 著 | |
| 分册: | ||
| 出版信息: | 北京 清华大学出版社 2019.09 |
|
| 页数: | 10, 227页 | |
| 开本: | 26cm | |
| 丛书名: | ||
| 单 册: | ||
| 中图分类: | TP316.85 | |
| 科图分类: | ||
| 主题词: | Linux操作系统--Linuxcao zuo xi tong--程序设计 | |
| 电子资源: | ||
| ISBN: | 978-7-302-53481-5 | |
| 000 | 00896nam0 2200229 450 | |
| 001 | 0106081930 | |
| 005 | 20201106082048.0 | |
| 010 | @a978-7-302-53481-5@dCNY69.00 | |
| 100 | @a20200408e20202019em y0chiy50 ea | |
| 101 | 0 | @achi |
| 102 | @aCN@b110000 | |
| 105 | @aa z 000yy | |
| 106 | @ar | |
| 200 | 1 | @a从Docker到Kubernetes入门与实战@Acong Docker dao Kubernetes ru men yu shi zhan@f罗利民著 |
| 210 | @a北京@c清华大学出版社@d2019.09@h2020.05 | |
| 215 | @a10, 227页@c照片@d26cm | |
| 330 | @a本书主要介绍Docker的基础知识、在主流操作系统上安装Docker的方法、Docker的基本管理操作、Kubernetes基础知识、Kubernetes的安装方法、Kubernetes命令行管理工具、运行应用、访问应用、存储管理、软件包管理等内容。 | |
| 606 | 0 | @aLinux操作系统@ALinuxcao zuo xi tong@x程序设计 |
| 690 | @aTP316.85@v5 | |
| 701 | 0 | @a罗利民@Aluo li min@4著 |
| 801 | 0 | @aCN@bBJSZM@c20201106 |
| 905 | @b1213436-9@dTP316.85@e1003@f4 | |
| 从Docker到Kubernetes入门与实战/罗利民著.-北京:清华大学出版社,2019.09(2020.05) |
| 10, 227页:照片;26cm |
| ISBN 978-7-302-53481-5:CNY69.00 |
| 本书主要介绍Docker的基础知识、在主流操作系统上安装Docker的方法、Docker的基本管理操作、Kubernetes基础知识、Kubernetes的安装方法、Kubernetes命令行管理工具、运行应用、访问应用、存储管理、软件包管理等内容。 |
| ● |
| 相关链接 |
|
|
|
|
正题名:从Docker到Kubernetes入门与实战
索取号:TP316.85/1003
 
预约/预借
| 序号 | 登录号 | 条形码 | 馆藏地/架位号 | 状态 | 备注 |
| 1 | 1213436 | 212134368 | 第二样本阅览室/ [索取号:TP316.85/1003] | 在馆 | |
| 2 | 1213437 | 212134377 | 第三借阅区/ [索取号:TP316.85/1003] | 在馆 | |
| 3 | 1213438 | 212134386 | 第三借阅区/ [索取号:TP316.85/1003] | 在馆 | |
| 4 | 1213439 | 212134395 | 第三借阅区/ [索取号:TP316.85/1003] | 在馆 |